000 00610nam a22002297a 4500
003 UA-OsUOA
001 40801
007 ta
008 20060831b un ||||| |||| 00| 0 ukr d
090 _a324:329(477)
_bП50
942 _cBK
040 _aUA-OsUOA
_bukr
_cUA-OsUOA
_dUA-OsUOA
245 _aПолітичний компас виборця
_bДовідкове видання. Вибори 2006
300 _a416 с.
955 _a2
041 _aukr
080 _a324:329(477)
020 _a966-7048-41-1
260 _aК.
_bК. І. С.
_c416
650 7 _a32 Політика
_2UDC
999 _c326939
_d326939